RCMP or Municipal? Metro Vancouver cities - Statistics

General Stats
  • This quiz has been taken 9 times
  • The average score is 3 of 6
Answers on the Grid
Answers color-coded by a green-red scale on the quiz's grid according to % correct below.
Port Moody
Burnaby
Richmond
New Westminster
Coquitlam
Langley
Maple Ridge
Surrey
Vancouver
West Vancouver
North Vancouver
Pitt Meadows
Port Coquitlam
White Rock
Delta
 
Answer Stats
Answer % Correct
Vancouver
67%
Port Moody
50%
Delta
33%
New Westminster
33%
Surrey
33%
West Vancouver
33%
No matching quizzes found
Score Distribution
Percent of People with Each Score
Percentile by Number Answered
Your Score History
You have not taken this quiz